000 00387nam a22001577a 4500
003 LK-CoDNM
005 20240820125206.0
008 240820b |||||||| |||| 00| 0 eng d
040 _aLK-CoDNM
_dLK-CoDNM
_eLK-CoDNM
080 _a7
_bC18
100 _aAINSLIE WHITELAW
245 _aMATERIA ANDICA
260 _aLONDON
_bLONGMAN
_c1826
300 _aXXXIX, 604P. ; 22 CM
942 _cBK
999 _c148423
_d148423